000
00411nam a2200133Ia 4500
008
100328s9999 xx 000 0 und d
082
_b
60257
100
_a
धोंडे मधुकर
245
_a
खरं तेच सांगेन.
260
_b
गं्रथाली.
630
_a
खरं तेच सांगेन.
730
_a
खरं तेच सांगेन.
942
_c
BOOK
999
_c
546419
_d
546416